| 000 | 00472nam a2200181Ia 4500 | ||
|---|---|---|---|
| 999 |
_c10633 _d10633 |
||
| 003 | 0100 | ||
| 005 | 20170301085817.0 | ||
| 008 | 130303s9999 xx 000 0 und d | ||
| 040 | _cARRUPELIB | ||
| 050 | _aBR1533.P3D731998 | ||
| 100 |
_aVesna Drapac _929156 |
||
| 245 | _aWar and religion | ||
| 245 | _bCatholics in the churches of occupied Paris | ||
| 260 | _aWashington D.C. | ||
| 260 | _bThe Catholic University of America Press | ||
| 300 | _a302p.23cm | ||
| 650 |
_aCatholic Church _xHistory _zFrance, Paris _929157 |
||
| 650 |
_aParis (France) _xHistory _y1940-1944 _929158 |
||
| 650 |
_aParis(France) _xChurch history _y20th century _929159 |
||
| 700 |
_aVesna Drapac _929156 |
||
| 942 |
_2lcc _cMONOGRAPH |
||